000 00473nam a2200181Ia 4500
001 4035
005 20260306145726.0
008 260306t2004||||xx |||||||||||||| ||spa||
041 _aESP
082 _a306.8
_bL88
100 _aLópez Quintás, Alfonso
_eAUT
245 0 _aEl secreto de una vida lograda:
_bCurso de Pedagogía del Amor y la Familia
260 _c2004
300 _a342 páginas :
_c21 cm.
650 _aGEN
654 _aCHU
942 _cLIB
_dJUS
_fJUS
_2ddc
_n
999 _c4035
_d4035